000 01158nam a2200313 a 4500
001 000023538
005 20200930022307.0
008 101209s1980 sp 000 0 spa d
020 _a8424404793
040 _aDO-SdBNP
_bspa
_cBNPHU
041 1 7 _aspa
_hfre
_2Código de idiomas MARC
082 _a384.55
_bP613t
100 1 _aPiemme, Jean-Marie.
_948521
240 1 3 _aLa télévision comme on la parle.
_lEspañol
245 1 3 _aLa televisión :
_bun medio en cuestión /
_cJean-Marie Piemme ; traducción Jordi Tosca i Rovira ; prólogo Sergi Schaaff.
260 _aBarcelona :
_bFontanella,
_c1980.
300 _a173 p. ;
_c18 cm.
490 1 _aCientífica
_v16
534 _aTítulo original:
_tLa télévision comme on la parle
505 0 _aIncluye notas y referencias bibliográficas al pie de las páginas.
650 4 _aTelevisión
_948324
650 4 _aSistemas de intercomunicación
_948522
650 4 _aTelevisión
_xAspectos sociales
_948523
650 4 _aCrítica de televisión
_948524
700 1 _aSchaaff, Sergi,
_epról.
_948525
700 1 _aToca i Rovira, Jordi,
_etr.
_948526
830 0 _aCientífica
_v16
_925797
049 _aBNGR
999 _c23034
_d23034